Представление документа в формате RUSMARC

ПолеНазваниеЗначение
  Тип записи a
  Библиографический уровень m
001 Контрольный номер RU/SLIB/B/208727141
005 Дата корректировки 20260430143312.9
010 Индекс ISBN __
d Цена 18-75, 30-00
100 Данные общей обработки __
a Данные общей обработки 20230126d1992 m y0rusy028902 ca
101 Язык документа 0_
a Язык текста rus
102 Страна публикации __
a Страна публикации RU
105 Кодированные данные (монография) __
a Кодированные данные (монография) y z 000yc
181 Поле кодированных данных: вид содержания _0
a Код вида содержания (ISBD) i
182 Поле кодированных данных: тип средства _0
a Код типа средства (ISBD) n
200 Заглавие и сведения об ответственности 1_
a Заглавие Петербургские очерки : Памфлеты эмигранта, 1860-1867
b Общее обозначение материала Текст
f Первые сведения об ответственности П. В. Долгоруков ; [вступ. ст. С. В. Бахрушина]
210 Выходные данные 1_
a Место издания Москва
c Издательство Новости
d Дата издания 1992
215 Физическое описание __
a Объем 560 с.
225 Серия 2_
a Серия Голоса истории
517 Другие варианты заглавия 1_
a Другие варианты заглавия Памфлеты эмигранта, 1860-1867
600 Персоналии _1
a Персоналии (Фамилия) Голицын
2 Код системы nlr_sh
b Персоналии (Имя) А.
600 Персоналии _1
a Персоналии (Фамилия) Адлерберг
2 Код системы nlr_sh
b Персоналии (Имя) В.
600 Персоналии _1
a Персоналии (Фамилия) Адлерберг
2 Код системы nlr_sh
b Персоналии (Имя) А.
600 Персоналии _1
a Персоналии (Фамилия) Полтавцев
2 Код системы nlr_sh
600 Персоналии _1
a Персоналии (Фамилия) Бутков
2 Код системы nlr_sh
b Персоналии (Имя) В.
600 Персоналии _1
a Персоналии (Фамилия) Горчаков
2 Код системы nlr_sh
b Персоналии (Имя) А.
600 Персоналии _1
a Персоналии (Фамилия) Тимашев
2 Код системы nlr_sh
b Персоналии (Имя) Е.
600 Персоналии _1
a Персоналии (Фамилия) Потапов
2 Код системы nlr_sh
b Персоналии (Имя) А.
600 Персоналии _1
a Персоналии (Фамилия) Батеньков
2 Код системы nlr_sh
b Персоналии (Имя) Г.
600 Персоналии _1
a Персоналии (Фамилия) Волконский
2 Код системы nlr_sh
b Персоналии (Имя) С. Г.
600 Персоналии _1
a Персоналии (Фамилия) Долгоруков
2 Код системы nlr_sh
b Персоналии (Имя) В. А.
600 Персоналии _1
a Персоналии (Фамилия) Муравьев
2 Код системы nlr_sh
g Полное имя М.
606 Тематические рубрики __
a Основная рубрика История
z Хронологическая подрубрика 1860-1867 гг.; 19 в.
y Географическая подрубрика Россия
2 Код системы nlr_sh
606 Тематические рубрики __
a Основная рубрика Россия в XVIII в. - 1917 г.
2 Код системы nlr_sh
610 Ключевые слова 0_
a Ключевые слова дворянство; князья; графы; императорский двор; министерства; биографии; очерки; памфлеты
686 Индексы других классификаций __
a Классификационный индекс 63.3(2)522; ст63.3(2)522
2 Код системы rubbks
700 Автор _1
a Фамилия Долгоруков
b Имя П. В.
4 Код отношения 070
f Даты 1816-1868
g Полное личное имя Петр Владимирович
702 Вторичная интеллектуальная ответственность _1
a Фамилия Бахрушин
b Имя С. В.
g Полное личное имя Сергей Владимирович
4 Код отношения 080
801 Источник записи _0
a Страна RU
b Организация Муниципальное бюджетное учреждение культуры "Централизованная библиотечная система" г. Сургут (Центральная городская библиотека им. А. С. Пушкина)
g Правила каталогизации PSBO
801 Источник записи _1
a Страна RU
b Организация Муниципальное бюджетное учреждение культуры "Централизованная библиотечная система" г. Сургут (Центральная городская библиотека им. А. С. Пушкина)
g Правила каталогизации PSBO
852 Данные о местонахождении __
j Шифр хранения 63.3(2)522
c Каталожный индекс 63.3(2)522
i Авторский знак Д 64
p Инвентарный номер 48081; 46096
901 Тип документа __
t Тип документа m
a Ответственный КиК/Уланова
901 Тип документа __
a Ответственный СКБР2024
903 Характеристики (МАРС) __
c Наименование библиотеки (МАРС) Муниципальное бюджетное учреждение культуры "Централизованная библиотечная система" г. Сургут (Центральная городская библиотека им. А. С. Пушкина)
990 Данные о заказе (DOS) __
j Количество экземпляров (DOS) 4; 1
t N записи в КСУ для И/У (DOS) 199401; 199201